| 000 | 01350cam a22003617a 4500 | ||
|---|---|---|---|
| 003 | CHAP | ||
| 005 | 20220329142915.0 | ||
| 008 | 050201d2002 mx a r 00110 spa d | ||
| 010 | _a89490 | ||
| 011 | _a90462 | ||
| 035 | _a101018 | ||
| 040 | _cCHAP | ||
| 082 | 0 | 4 |
_a631.45 _bB38 |
| 100 | 0 | 0 |
_aBaumann, Jurgen _910866 |
| 245 | 1 | 0 |
_aEvaluación del programa de monitoreo de erosión en la Cuenca del Río Huehuetan, Chiapas : _bperiodo 1999-2001 _c/por Jurgen Baumann, José Luis Arellano Monterrosas y Sebastian González Dávila |
| 260 |
_aMéxico, D. F. : _bComisión Nacional del Agua, _c2002. |
||
| 300 |
_a59 p. : _bilus. |
||
| 590 |
_aBATCH-UPD _b10 _c20130110 _lUCH01 _h0732 |
||
| 590 |
_aBATCH-UPD _b10 _c20130410 _lUCH01 _h0415 |
||
| 590 |
_aBATCH-UPD _b10 _c20130914 _lUCH01 _h0547 |
||
| 590 |
_aBATCH-UPD _b10 _c20130914 _lUCH01 _h2101 |
||
| 590 |
_aCONVERSION _b10 _c20130109 _lUCH01 _h1350 |
||
| 650 | 1 | 4 |
_aErosión. _937335 |
| 650 | 1 | 4 |
_aEscurrimiento. _937675 |
| 650 | 1 | 4 |
_aSuelos _xFísica de. _9110373 |
| 700 | 0 |
_aArellano Monterrosas, José Luis Leobardo. _96920 |
|
| 700 | 0 |
_aGonzález Dávila, Sebastián. _948850 |
|
| 901 | _aBK | ||
| 905 | _aLilia | ||
| 942 | _cLIBRO | ||
| 949 |
_a631.45 B38 _bBC _cLIBRO _d33724000934329 _eLIBRO _h104899 _i101018 _si |
||
| 949 |
_a631.45 B38 _bBC _cLIBRO _d33724000934386 _eLIBRO _fc.2 _h104900 _i101018 _si |
||
| 999 |
_c89490 _d89490 |
||